000 01237nam a22003491i 4500
001 bslw10094592
005 20240305165658.0
006 m o d
007 cr un ---uuuua
008 231011s2013 ck ob 000 0 spa d
020 _a9789588347912
035 _a40459
040 _aUtOrBLW
_beng
_erda
_cUtOrBLW
043 _as-ck---
050 4 _aKHH3480
_b.A78 2013eb
082 0 4 _a342.861
_223
100 1 _aArturo Dorado, Néstor Raúl,
_eauthor.
245 1 0 _aDosis personal :
_bestado social de derecho /
_cNéstor Paúl Arturo Dorado.
264 1 _aCali :
_bPontificia Universidad Javeriana,
_c[2013]
300 _a1 online resource ([161] pages)
336 _atext
_btxt
_2rdacontent
337 _acomputer
_bc
_2rdamedia
338 _aonline resource
_bcr
_2rdacarrier
500 _a"Estudio lusfilosófico sentencia C-221/94. Corte Constitucional de Colombia."
504 _aIncludes bibliographical references.
500 _a"Impresión: Septiembre de 2013."
610 1 0 _aColombia.
_bCorte Constitucional.
650 0 _aDrug legalization
_xMoral and ethical aspects
_zColombia.
650 0 _aSociological jurisprudence
_zColombia.
856 4 0 _uhttps://app.vlex.com/#/sources/40459
942 _cRAA
999 _c173246
_d173246